| 000 | 01490nam a22001337a 4500 | ||
|---|---|---|---|
| 999 |
_c532817 _d532817 |
||
| 008 | 260320b ||||| |||| 00| 0 eng d | ||
| 100 |
_aPrachakseranee, Attavit _959801 |
||
| 245 | _a Basel iii capital requirements and lending: The case of the D-SIB capital buffer in Thailand | ||
| 260 | _aThe Developing Economies | ||
| 300 | _a63(3), Sep, 2025: p.225-261 | ||
| 520 | _aThis study attempts to measure the endogeneity-prone effects of the implementation of the domestic systemically important bank (D-SIB) capital buffer in Thailand by creating a synthetic control for each D-SIB. The main findings suggest that the D-SIBs responded to the D-SIB capital buffer differently, depending on the relative size of the portfolios with higher risk weights. Specifically, the D-SIB with the highest proportion of business loans in its portfolio decreased lending growth more than the other two D-SIBs, whereas the D-SIB with the highest proportion of retail loans did not significantly decrease lending growth. In addition, the state-owned commercial bank behaved differently from other banks such that synthetic controls cannot be created to replicate the unique behavior. While this study finds no significant effects on capital and risk-weighted assets in the short run, it cannot rule out the possibility of the D-SIBs raising more capital in the longer run.-Reproduced https://onlinelibrary.wiley.com/doi/10.1111/deve.12444 | ||
| 773 | _aThe Developing Economies | ||
| 942 | _cAR | ||